Quizzes
Events
Quiz Creation
Community
Videos
Private Events
Remove Ads
Sign In
Join for FREE
Feedback
Dark Mode
Quiz Categories
Sports
Geography
Music
Movies
Television
Just For Fun
Miscellaneous
History
Literature
Language
Science
Gaming
Entertainment
Religion
Holiday
For Kids
Quiz Lab
Recent
Popular Today
Quiz Kudos Today
Editor Picks
Curator Picks
Quizzes by...
Day
Popularity
Type
Ratings
Length
Year
Community
Subscriptions
Recent Discussions
Orange Saloon
Badges
Playlists
Quests
Create
Leaderboards
Showdown
Live 5
Trivia Bingo
Activity
Puzzle Library
Sporcle Events
Private Events
Virtual Trivia
Globe League
Become a Host
Pub Owners
SporcleCon
Opinionation
Our Games
Videos
Blog
Mobile Apps
Partnerships
Remove Ads and Go Orange
Feedback
Movies
Disney
Marvel Cinematic Universe
Movie Resume
Movie Titles
Oscar
Actor
Actress
Director
Pixar
Role
Movie Quotes
Movie Characters
Box Office
Nominee
Best Picture
Star Wars
James Bond
Horror Movies
Movies
Disney
Marvel Cinematic Universe
Movie Resume
Movie Titles
Oscar
Actor
Actress
Director
Pixar
Role
Movie Quotes
Movie Characters
Box Office
Nominee
Best Picture
Star Wars
James Bond
Horror Movies
Random Quiz
Search Sporcle
×
Quiz Lab
Quiz Lab
Movies
Quote
Type in answers that appear in a list
Type in answers that appear in a list
Classic
Best Score? Go Orange.
Robin Williams by Quote Stats
Can you name the Robin Williams Movie by Quote?
By
hutch976
8m
26 Questions
143 Plays
143 Plays
143 Plays
Comments
Comments
Give Quiz Kudos
Give Quiz Kudos
-
- Ratings
hide this ad
More Info
Replay
Link that replays current quiz
Next Quiz
Link to next quiz in quiz playlist
You Got
0%
They Got
Avg Score
52%
Avg Friend Score
Upgrade to see
Score Distribution
Jump to the score distribution portion of the page
Score
0/26
Timer
08:00
0
Plays Today
Quote
Movie
% Correct
I DO NOT BELIEVE IN FAIRIES!
Hook
87.4%
Off your Mercedes, dear, you own that big expensive car out there? Oh, dear. Well, they say a man who has to buy a big car like that is trying to compensate for smaller genitals.
Mrs. Doubtfire
81.8%
You think that mosquitos, monkeys, and lions are bad? That is just the beginning. I've seen things you've only seen in your nightmares.
Jumanji
79.7%
You treat a disease, you win, you loose. You treat a person, I guarantee you, you'll win, no matter what the outcome.
Patch Adams
79.7%
If I was gonna be Swee'Pea's mother, I should've at least let Olive be his father. Or viska versa. I ain't man enough to be no mother.
Popeye
77.6%
PHENOMENAL COSMIC POWERS! itty-
bitty living space!
Aladdin
76.2%
Sucking the marrow out of life doesn't mean choking on the bone.
Dead Poets Society
71.3%
There is an operation that can transform you into a female white dane or a very hell wung chihuaua.'
Good Morning Vietnam
69.2%
Real loss is only possible when you love something more than you love yourself.
Good Will Hunting
67.1%
Oh, God. And I thought, 'what the hell, let's try it once with a woman and see what those straight guys are raving about.
The Birdcage
65%
I can't believe you said that! You cussed! You said the f-
word! Oh, you're gonna be in so much trouble.
Jack
62.9%
What we do know is that, as the chemical window closed, another awakening took place; that the human spirit is more powerful than any drug -
and THAT is what needs to be nourished:
Awakenings
51.7%
Good Lord, Lawrence! Why are you slapping a monkey?
Night at the Museum
48.3%
Quote
Movie
% Correct
I was just gonna, you know, grade my lunch, eat a few tests and hope for the best.
Flubber
45.5%
I didn't murder her. I killed her, but it just ended up that way.
Insomnia
45.5%
Bastard Son of Barney! Die! Die, you stuffed son of fluff! You illegitimate Teletubby! Die, you Muppet from hell! Die, you foam ****!
Death to Smoochy
44.8%
A whole human life is just a heartbeat here in Heaven. Then we'll all be together forever.
What Dreams May Come
44.1%
We'll take the house. Honey, the chances of another plane hitting this house are astronomical. It's been pre-
disastered. We're going to be safe here.'
The World According to Garp
40.6%
[singing] Holding my penis... what a wonderful way of saying how much you like me.
The Fisher King
40.6%
One has studied your history. Terrible wars have been fought where millions have died for one idea, freedom. And it seems that something that means so much to so many people would
Bicentennial Man
39.2%
You have a girl. Unless I cut the wrong cord.
Nine Months
36.4%
Starving minds, welcome to Dr. Know! Where fast food for thought is served up 24 hours a day, in 40, 000 locations nationwide. Ask. Dr. Know -
there's nothing I don't
AI
33.6%
Just a moment. I hear people wanting something... ME!
Happy Feet
30.8%
We remind listeners not to ask questions... as that interferes with reception. And please don't look at the radio!
Jakob the Liar
19.6%
No, let me go! I've got tides to regulate! Comets to direct! I don't have time for flatulence and orgasms!
The Adventures of Baron Munchausen
18.9%
Is this the same for everyone? Are we all doing this to one another? This bickering and mocking? Can it be better than this? We're all in it together, making the same mistakes, get
Being Human
13.3%
Quiz Playlist
Details
Report
Send in Message
Add To Playlist
More Info:
The great comedian and his many roles. Seriously how good is he?
Classic:
Type in answers that appear in a list
Quiz Source
Last Updated: Feb 16, 2017
Quiz Scoreboard
CHALLENGE
Sign Up to Join the Scoreboard
Show All
Scores
Hide
Comments
May contain spoilers
Recently Published
An Introduction to Baseball
by treessimontrees
Sports
5m
Movies - When Are They Set?
by FPL_Elf
Movies
5m
Popular People in 1961
by mucciniale
History
6m
More to Explore
Quiz From the Vault
Featured Blog Post
Where Did the Easter Bunny Come From?
hide this ad
You Might Also Like...
Tags
Movie Characters Quiz
Quote Quiz
Movie Clue
Robin Williams
Today's Top Quizzes in Movies
Browse Movies
hide this ad
Today's Top Quizzes in Quote
Browse Quote
Top Contributed Quizzes in Movies
1
Pick 5 Posters: Directed by Spielberg
2
Pick 5 Posters: Lowest-Rated Spielberg
3
Multi-Oscar Nominations, One Movie, One Winner
4
7-to-1: Pixar Characters
5
12 Movies about Fictional 1960s Events
6
One Thing in Common: Movies
7
Pick 5 Posters: Directed by Scorsese
8
Sunday Crossword: Film Score Composers
9
Pick 5 Posters: Star & Director
10
Sorting Actors
Explore More
Trending Topics
Crossword
Anime
Disney
Kpop
Harry Potter
Marvel
NBA
The Office
Soccer
Pokémon
NFL
Puzzle
Song
WWE
Country
hide this ad
More By:
hutch976
Quiz
Plays
Rating
Category
Featured
Created
Bond Villian by Death
232
2.25
Just For Fun
Jun 15, 2012
Robin Williams by Quote
143
4.00
Movies
Jun 14, 2012
Outstanding Movie Quotes III
93
2.80
Movies
Jun 14, 2012
Outstanding Movie Quotes I
82
3.50
Movies
Jun 13, 2012
Outstanding Movie Quotes II
61
3.14
Movies
Jun 13, 2012
Go to Creator's Profile
Score Distribution
Quiz Creator Spotlight
hutch976
Follow
Send a Message
Quizzes Created
-
Created Quiz Play Count
-
More By This Creator
Popular Quizzes Today
1
Find the Countries of Europe - No Outlines Minefield
2
Find the US States - No Outlines Minefield
3
The Countries of the World
4
Popular People in 1961
5
Find the US States
6
US States
7
1-10 Letter E Words III
8
Risky Map Clicking: Biggest States A-Z
More Movies Quizzes
Actor Movie Sorting X
Quiz Lab
Trending Quizzes
Risky Map Clicking: Least Populous States A-Z
1-10 Letter F Words
1-10 Letter G Words
Not Quite an Element Typing Challenge
One Thing in Common: United Kingdom
Recently Updated
Leaping Animals
pecheneg
Reality TV Shows (A-Z)
bhenderson79
Rickey Henderson's Hall of Fame Teammates
pecheneg
Champions League XIs: Arsenal
pecheneg
Quick Pick: Celebrities in WWE's Hall of Fame
aduchscher
A-Z Keypad Blitz II
pecheneg
Multiple Oscar Actors
pecheneg
Mystery Phrase Blitz: Oscar 'Best Actors'
pecheneg
F. Scott Fitzgerald Novels
LTH
Pick 3 Villains
ddd62291
Trending Topics
Marvel
Anime
Harry Potter
Crossword
Disney
NBA
Kpop
Pokémon
NFL
WWE
Country
Song
Puzzle
The Office
Soccer
Your Account Isn't Verified!
In order to create a playlist on Sporcle, you need to verify the email address you used during registration. Go to your
Sporcle Settings
to finish the process.
Report this User
Report this user for behavior that violates our
Community Guidelines
.
Details:
Send Report
Go to the Sporcle.com Mobile Site →
Comments